Statistiques concernant Univers Lego Ninjago: Cole

Cliquez ici pour prendre le quiz!

Statistiques générales

  • Ce quiz a été pris 244 fois
  • Le résultat moyen est 8 sur 13

Statistiques - réponses

QuestionsRéponses% Correct
Couleur des habits et de ninjaNoir
96%
Pouvoir de ninjaTerre
95%
SenseïWu
95%
Travail du pèreDanseur / Chanteur
87%
ArmeFaux
76%
Saison d'arrivéeLa menace des serpents
71%
Lieu d'arrivéeMonastère
71%
Transformé enFantôme
69%
ArmeArme d'or
39%
MèreLilly
35%
PèreLou
34%
Surnom (motard)Rocky Dangerbuff
22%
Nom de familleBrookstone
17%

Distribution des résultats

Percentile par nombre de réponses

% des personnes avec chaque résultat

Votre développement - résultats

Vous n’avez pas pris ce quiz